000 00332nam a22001337a 4500
003 OSt
005 20251014101332.0
008 251014b |||||||| |||| 00| 0 eng d
020 _a9780195738162
040 _cOXFORD UNIVERSITY PRESS
245 _aA HOLE IN THE SKY
260 _aNEW YORK
_bOXFORD UNIVERSITY
_c2012
942 _2ddc
_cBK
_n0
999 _c9596
_d9596